Najrzadziej zgadywane powiaty w Polsce - Statystyki

Ogólne statystyki
  • Ten quiz został rozwiązany 111 razy
  • Średni wynik to 9 z 24
Statystyki odpowiedzi
Województwo Powiat % Poprawnych
Lubuskie strzelecko-drezdenecki
48%
Kujawsko-pomorskie wąbrzeski
48%
Zachodniopomorskie łobeski
43%
Podkarpackie ropczycko-sędziszowski
43%
Kujawsko-pomorskie sępoleński
43%
Lubuskie sulęciński
43%
Łódzkie poddębicki
42%
Kujawsko-pomorskie radziejowski
42%
Dolnośląskie wołowski
40%
Łódzkie wieruszowski
38%
Zachodniopomorskie choszczeński
37%
Dolnośląskie górowski
37%
Wielkopolskie czarnkowsko-trzcianecki
36%
Kujawsko-pomorskie lipnowski
36%
Zachodniopomorskie świdwiński
36%
Zachodniopomorskie pyrzycki
35%
Podkarpackie strzyżowski
35%
Podkarpackie niżański
32%
Świętokrzyskie staszowski
31%
Podlaskie kolneński
30%
Dolnośląskie strzeliński
27%
Mazowieckie szydłowiecki
23%
Mazowieckie zwoleński
23%
Wielkopolskie wągrowiecki
12%
Nie znaleziono quizów pasujących do podanych kryteriów
Rozkład punktacji
Procent ludzi z każdym wynikiem
Percentyl według liczby udzielonych odpowiedzi
Twoja historia wyników
Nie rozwiązałeś tego quizu